00556nam a2200169Ia 4500008004100000020002200041082001500063100002400078245005600102250000800158260003100166300001100197600002100208942000700229952013300236999001700369250916s9999 xx 000 0 und d a978-981-19-2870-3 a004.65 BOR aBorah, Malaya Dutta 0aAI and blockchain technology in 6G wireless network a1st aNew York:bSpringer,c2022 a259 p. aComputer Science cBK 001040708CSaUITUbUITUd2025-08-06eAS Booksg15157.00l0o004.65 BORpQ15965r2025-09-16 13:12:09v25261.00w2025-09-16yBK c31590d31590